Every WSOP Player of the Year - Statistics

General Stats
  • This quiz has been taken 5 times
  • The average score is 10 of 21
Answer Stats
Hint Bracelets
Won
Answer % Correct
2011 1 Ben Lamb
100%
2004 1 Daniel Negreanu
100%
2013 2 Daniel Negreanu
100%
2024 3 Scott Seiver
100%
2018 2 Shaun Deeb
100%
2025 1 Shaun Deeb
100%
2005 1 Allen Cunningham
50%
2017 1 Chris Ferguson
50%
2022 2 Dan Zack
50%
2012 2 Greg Merson
50%
2009 3 Jeff Lisandro
50%
2006 2 Jeff Madsen
50%
2021 2 Josh Arieh
50%
2015 1 Mike Gorodinsky
50%
2008 1 Erick Lindgren
0%
2010 2 Frank Kassela
0%
2014 3 George Danzer
0%
2023 1 Ian Matakis
0%
2016 2 Jason Mercier
0%
2019 2 Robert Campbell
0%
2007 2 Tom Schneider
0%
No matching quizzes found
Score Distribution
Percent of People with Each Score
Percentile by Number Answered
Your Score History
You have not taken this quiz